Esperanza renace / (Record no. 20678)

MARC details
000 -LEADER
fixed length control field 01955nam a2200457Ia 4500
001 - CONTROL NUMBER
control field sjds1106868
003 - CONTROL NUMBER IDENTIFIER
control field sjds
005 - DATE AND TIME OF LATEST TRANSACTION
control field 20220630203526.0
008 - FIXED-LENGTH DATA ELEMENTS--GENERAL INFORMATION
fixed length control field 021011s2002 nyu c 000 1 spa d
020 ## - INTERNATIONAL STANDARD BOOK NUMBER
International Standard Book Number 0439398851 (pbk.)
020 ## - INTERNATIONAL STANDARD BOOK NUMBER
International Standard Book Number 9780439398855 (pbk.)
035 ## - SYSTEM CONTROL NUMBER
System control number 332063
035 ## - SYSTEM CONTROL NUMBER
Canceled/invalid control number (OCoLC)50228440
035 ## - SYSTEM CONTROL NUMBER
System control number (OCoLC)50771722
035 ## - SYSTEM CONTROL NUMBER
System control number 332063
040 ## - CATALOGING SOURCE
Original cataloging agency LPU
Transcribing agency LPU
Modifying agency GZG
-- XY4
-- TEF
-- BTCTA
-- XL4
-- UtOrBLW
041 1# - LANGUAGE CODE
Language code of text/sound track or separate title spa
Language code of original eng
049 ## - LOCAL HOLDINGS (OCLC)
Holding library IFAA
099 ## - LOCAL FREE-TEXT CALL NUMBER (OCLC)
Filing suffix 2002
100 1# - MAIN ENTRY--PERSONAL NAME
Personal name Ryan, Pam Munoz,
Relator term author.
240 10 - UNIFORM TITLE
Uniform title <a href="Esperanza rising.">Esperanza rising.</a>
Language of a work Spanish
245 10 - TITLE STATEMENT
Title Esperanza renace /
Statement of responsibility, etc. Pam Munoz Ryan ; [translated by Nuria Molinero].
260 ## - PUBLICATION, DISTRIBUTION, ETC. (IMPRINT)
Place of publication, distribution, etc. New York :
Name of publisher, distributor, etc. Scholastic Inc.,
Date of publication, distribution, etc. 2002.
264 #1 - PRODUCTION, PUBLICATION, DISTRIBUTION, MANUFACTURE, AND COPYRIGHT NOTICE
Place of production, publication, distribution, manufacture New York :
Name of producer, publisher, distributor, manufacturer Scholastic Inc.,
Date of production, publication, distribution, manufacture, or copyright notice 2002.
300 ## - PHYSICAL DESCRIPTION
Extent 266 pages ;
Dimensions 20 cm
336 ## - CONTENT TYPE
Content type term text
Content type code txt
Source rdacontent
337 ## - MEDIA TYPE
Media type term unmediated
Media type code n
Source rdamedia
338 ## - CARRIER TYPE
Carrier type term volume
Carrier type code nc
Source rdacarrier
520 ## - SUMMARY, ETC.
Summary, etc. Esperanza and her mother are forced to leave their life of wealth and privilege in Mexico to go work in the labor camps of Southern California, where they must adapt to the harsh circumstances facing Mexican farm workers on the eve of the Great Depression. Esperanza Ortega has a wonderful life in Mexico until tragedy shatters her dream and forces her and her mother to flee to California and settle in a Mexican farm labor camp.
526 0# - STUDY PROGRAM INFORMATION NOTE
Program name Accelerated Reader
Interest level MG
Reading level 5.3
Title point value 6.0
Public note 44286SP
586 ## - AWARDS NOTE
Awards note Pura Belpré Author Award winner, 2002.
586 ## - AWARDS NOTE
Awards note Pura Belpré Author Award winner, 2002.
650 #0 - SUBJECT ADDED ENTRY--TOPICAL TERM
Topical term or geographic name as entry element Mexican Americans
Geographic subdivision California
Form subdivision Juvenile fiction.
650 #0 - SUBJECT ADDED ENTRY--TOPICAL TERM
Topical term or geographic name as entry element Agricultural laborers
Form subdivision Juvenile fiction.
650 #7 - SUBJECT ADDED ENTRY--TOPICAL TERM
Topical term or geographic name as entry element Mexicano-americanos
Geographic subdivision California
Form subdivision Novela juvenil.
Source of heading or term bidex
650 #7 - SUBJECT ADDED ENTRY--TOPICAL TERM
Topical term or geographic name as entry element Trabajadores agricolas
Form subdivision Novela juvenil.
Source of heading or term bidex
651 #0 - SUBJECT ADDED ENTRY--GEOGRAPHIC NAME
Geographic name California
Form subdivision Juvenile fiction.
651 #7 - SUBJECT ADDED ENTRY--GEOGRAPHIC NAME
Geographic name California
Form subdivision Novela juvenil.
Source of heading or term bidex
655 #7 - INDEX TERM--GENRE/FORM
Genre/form data or focus term Pura Belpré Award winners.
Source of term local
942 ## - ADDED ENTRY ELEMENTS (KOHA)
Koha item type Libro/Book
Holdings
Withdrawn status Lost status Damaged status Not for loan Home library Current library Shelving location Date acquired Total Checkouts Total Renewals Full call number Barcode Date last seen Date checked out Price effective from Koha item type Inventory number
        Las Brisas 1 -- Satellite Las Brisas 1 -- Satellite   16/04/2018     JF 40001617 16/04/2018   16/04/2018 Libro/Book Inventory date: 7/4/25
        San Juan Del Sur -- Biblioteca San Juan Del Sur -- Biblioteca Children's Area 02/05/2014 4 1 JF MUN 30001360 01/10/2019 25/07/2019 02/05/2014 Libro/Book  
        San Juan Del Sur -- Biblioteca San Juan Del Sur -- Biblioteca   28/02/2022 1     30028299 14/04/2023 29/03/2023 28/02/2022 Libro/Book  

Powered by Koha